Learn To Play Swimming: (Record no. 166977)

MARC details
000 -LEADER
fixed length control field 00659nam a22001817a 4500
010 ## - LCCN (DPL NO)
LC control number ENG-126200
020 ## - INTERNATIONAL STANDARD BOOK NUMBER
International Standard Book Number 978-93-84603-49-6
Terms of availability 495.00
035 ## - SYSTEM CONTROL NUMBER
System control number EN-109732
037 ## - SOURCE OF ACQUISITION
Source of stock number/acquisition DBAD/PUB
082 ## - DEWEY DECIMAL CLASSIFICATION NUMBER
Classification number 797.21
100 ## - MAIN ENTRY--PERSONAL NAME
Personal name Chaudhary,Sunil
245 ## - TITLE STATEMENT
Title Learn To Play Swimming:
Statement of responsibility, etc by Sunil Chaudhary
Remainder of title The Complete Guide To The Game Of Swimming/
260 ## - PUBLICATION, DISTRIBUTION, ETC. (IMPRINT)
Place of publication, distribution, etc New Delhi
Name of publisher, distributor, etc Sports Educational Technologies
Date of publication, distribution, etc 2019
270 ## - ADDRESS
Address 102,4787/23,Ansari Road, Darya Ganj,
City New Delhi
Postal code 110002
Telephone number +91(011)27601805
Electronic mail address sportseducationaltechnologies@gmail.com
300 ## - PHYSICAL DESCRIPTION
Extent v130p.
Other physical details 23cm(hb)
500 ## - GENERAL NOTE
General note its include index
942 ## - ADDED ENTRY ELEMENTS (KOHA)
Source of classification or shelving scheme Dewey Decimal Classification
Item type English Books
Classification part 797.21
Call number suffix CHA
Holdings
Withdrawn status Lost status Not for loan Collection code Home library Current library Date acquired Source of acquisition Cost, normal purchase price Full call number Barcode Copy number Cost, replacement price Koha item type
      Non-fiction Andrews Gunj Andrews Gunj 19/08/2019 DBAD/PUB 495.00 797.21 CHA EN-109732 1 495.00 English Books

© Delhi Public Library
Hit Counter
free hit counter